Unrecognized or limitedly recognized states. - Statistics

General Stats
  • This quiz has been taken 207 times
  • The average score is 9 of 12
Answer Stats
Picture Answer % Correct
Taiwan
98%
Cyprus
95%
Israel
94%
Kosovo
93%
Palestine
92%
Transnistria
80%
Somaliland
78%
South Ossetia
75%
Abkhazia
73%
Artsakh
49%
Turkish Republic of Northern Cyprus
26%
Sahrawi Arab Republic
6%
No matching quizzes found
Score Distribution
Percent of People with Each Score
Percentile by Number Answered
Your Score History
You have not taken this quiz